Indian Business@75: (Record no. 201157)

MARC details
000 -LEADER
fixed length control field 00738nam a22002177a 4500
005 - DATE AND TIME OF LATEST TRANSACTION
control field 20240229153602.0
010 ## - LCCN (DPL NO)
LC control number ENG-139178
020 ## - INTERNATIONAL STANDARD BOOK NUMBER
International Standard Book Number 9789390951291
Terms of availability 800.00
035 ## - SYSTEM CONTROL NUMBER
System control number EN-122710
037 ## - SOURCE OF ACQUISITION
Stock number dpl
037 ## - SOURCE OF ACQUISITION
Source of stock number/acquisition DBAD/PUB
082 ## - DEWEY DECIMAL CLASSIFICATION NUMBER
Classification number 658.403
245 ## - TITLE STATEMENT
Title Indian Business@75:
Remainder of title Research on Trends and Prospects/
Statement of responsibility, etc Edited by Meenakshi Khemka; Tarak nath Sahu and Sahana Ghosh
260 ## - PUBLICATION, DISTRIBUTION, ETC. (IMPRINT)
Place of publication, distribution, etc New Delhi
Name of publisher, distributor, etc Allied Publishers
Date of publication, distribution, etc 2022
270 ## - ADDRESS
Address 1/13-14 Asaf Ali Road
City New Delhi
Postal code 110002
300 ## - PHYSICAL DESCRIPTION
Extent xv,383p. :
Other physical details Index
Dimensions 22cm(pbk)
700 ## - ADDED ENTRY--PERSONAL NAME
Personal name Khemka, Meenakshi
Relator term Editor
9 (RLIN) 62628
700 ## - ADDED ENTRY--PERSONAL NAME
Personal name Sahu, Tarak nath
Relator term Editor
9 (RLIN) 62629
700 ## - ADDED ENTRY--PERSONAL NAME
Personal name Ghosh, Sahana
Relator term Editor
9 (RLIN) 62630
942 ## - ADDED ENTRY ELEMENTS (KOHA)
Source of classification or shelving scheme Dewey Decimal Classification
Item type English Books
Classification part 658.403
Call number suffix IND
Holdings
Withdrawn status Lost status Not for loan Collection code Home library Current library Date acquired Source of acquisition Cost, normal purchase price Full call number Barcode Copy number Cost, replacement price Koha item type
      Non-fiction Bawana Bawana 29/02/2024 DBAD 800.00 658.403 IND EN-122710 1 800.00 English Books

© Delhi Public Library
Hit Counter
free hit counter